000 00297nam a22001337a 4500
008 171108b xxu||||| |||| 00| 0 eng d
020 _a0043380999
041 _aeng
080 _23RD
_a330.322
100 _a64
101 _aINV
245 _aCOST-BENEFIT ANALYSIS
_cMISHAN,E.J
942 _2udc
_cBK
999 _c38184
_d38184